Reglament d'ús de les instal·lacions esportives de l'Escola Industrial de Barcelona
Descripción Física:
18 p., [2] fulls solts pleg. ; 21 cm
MARC
| LEADER | 00000nam a2200000Ia 4500 | ||
|---|---|---|---|
| 001 | 17904 | ||
| 008 | 160829s1999 xx 000 0 cat d | ||
| 080 | |a FU-47-56 | ||
| 245 | |a Reglament d'ús de les instal·lacions esportives de l'Escola Industrial de Barcelona | ||
| 260 | |a Barcelona : |b Diputació de Barcelona. Servei d'Esports i Turisme, |c 1999 | ||
| 300 | |a 18 p., [2] fulls solts pleg. ; |c 21 cm | ||
| 650 | |a Escola Industrial de Barcelona |x Reglaments |9 39354 | ||
| 650 | |a Instal·lacions esportives |9 41062 | ||
| 710 | 2 | |a Barcelona (Catalunya : Província). |b Servei d'Esports i Turisme |9 54307 | |
| 901 | |a Arxiu | ||
| 942 | |n 1 | ||
| 952 | |0 0 |1 0 |4 0 |6 FU4756 |7 1 |9 48971 |a Arxiu |b Arxiu |d 2016-12-01 |l 0 |o FU-47-56 |p 17904 |r 2016-12-01 00:00:00 |w 2016-12-01 |y ARXIU | ||
| 952 | |0 0 |1 0 |4 0 |6 E00882 |7 0 |8 Digital |9 58268 |a TURISME |b TURISME |d 2017-06-03 |l 0 |o E.00882 |p TURISME17060127 |r 2017-06-03 00:00:00 |u http://bibliotecageneral.diba.cat/cgi-bin/koha/opac-retrieve-file.pl?id=c106569eb3df6664d05a68728c2ec2b6 |w 2017-06-03 |y DE |z FU-47-56 (còpia digital) | ||
| 999 | |c 52806 |d 52806 | ||
| 651 | 0 | |a Barcelona (Catalunya : Província) |9 50918 | |